Mammal mania

Bibliographic Details
Main Author: Housel Debra J.
Format: Book
Published: Hunting Beach, CA : Teacher Created Materials , 2013
Series:Time for kids
Subjects:

MARC

LEADER 00000cam a2200000 7i4500
001 0000211708
005 20180411.0
020 |a 9781433336584 
090 0 0 |a J599   |b HOU 
100 1 |a Housel Debra J. 
245 1 0 |a Mammal mania 
260 |a Hunting Beach, CA :   |b Teacher Created Materials ,   |c 2013 
300 |a 28p. ;   |c 23cm. 
490 0 |a Time for kids 
650 0 |a Mammals   |v Juvenile literature 
999 |a 00347326   |b BUKU   |c JUNIOR BOOKS   |e PERPUSTAKAAN KOMUNITI CAW BANDAR UTAMA